000 00473nam a2200181Ia 4500
001 18690
005 20260306171649.0
008 260306s9999||||xx |||||||||||||| ||und||
041 _aESP
082 _a658.5
_bA49
100 _aÁlvarez Ochoa, Francisco
_eAUT
245 0 _aSoluciones logísticas:
_bmanual para optimizar la cadena de suministro
260 _c2017
300 _a212 páginas :
_c23 cm.
650 _aGEN
654 _aCAN
942 _cLIB
_dJUS
_fJUS
_2ddc
_n
999 _c18690
_d18690